[Event "Belgrade RAD 30"]
[Site "Belgrade"]
[Date "1977.01.18"]
[Round "4.2"]
[White "Velimirovic, Dragoljub"]
[Black "Sax, Gyula"]
[Result "1/2-1/2"]
[WhiteElo "2525"]
[BlackElo "2565"]
[Annotator "Primel,D"]
[PlyCount "164"]
[EventDate "1977.01.15"]
[EventType "tourn"]
[EventRounds "13"]
[EventCountry "SRB"]
[EventCategory "9"]
[SourceTitle "EXT 2018"]
[Source "ChessBase"]
[SourceDate "2017.10.13"]
[SourceVersion "1"]
[SourceVersionDate "2017.10.13"]
[SourceQuality "1"]
[TimeControl "40/9000:16/5400:0"]

1. e4 c5 2. Nf3 d6 3. Bb5+ Nd7 4. c3 Ngf6 5. d3 e6 $146 (5... a6 6. Ba4 e5 7.
O-O Be7 8. Re1 O-O 9. d4 b5 10. Bc2 Bb7 11. Nbd2 Qc7 12. Nf1 cxd4 13. cxd4 Rac8
14. Bd3 exd4 15. Nxd4 Rfe8 16. Bf4 Bf8 17. Rc1 Qb6 18. Rxc8 Rxc8 19. Nb3 Ne5
20. Be3 Qc7 21. Bd4 d5 22. exd5 Nxd3 23. Qxd3 Nxd5 24. Qg3 Qxg3 25. hxg3 Nb4
26. Ne3 Nxa2 27. Nf5 Bd5 28. Nc5 Nb4 29. Ne7+ Bxe7 30. Rxe7 Nc6 31. Rd7 Nxd4
32. Rxd5 Ne6 {1/2-1/2 (32) Rellstab,L-Eliskases,E Sarajevo 1958}) (5... g6 6.
O-O Bg7) 6. O-O Be7 7. Re1 O-O 8. Nbd2 a6 9. Ba4 b5 10. Bc2 Bb7 11. Nf1 {
[%cal Gf1g3,Gf1e3] Joué dans l'esprit d'une Espagnole} Qc7 $11 12. Ng3 Ne5 13.
h3 Nfd7 $5 14. Nh2 $6 {[%csl Ra1,Rc1][%cal Gf2f4] Après ce coup, les Blancs
commencent à avoir un retard de développement} d5 15. d4 (15. Bf4) (15. f4
Bh4 $1 $36 {[%csl Re1,Rg3]}) 15... cxd4 16. cxd4 Nc6 17. e5 Nxd4 {[%cal Gc7c2]}
18. Bxh7+ Kxh7 19. Qxd4 Qc4 20. Qd1 d4 {[%csl Gb7] Un coup risqué} 21. b3 Qd5
$36 22. Nf3 Nc5 23. Ba3 d3 (23... Rac8) 24. Bxc5 Bxc5 25. Re4 $1 Kg8 26. b4 Bb6
27. Rg4 f5 28. Rg6 (28. exf6 Rxf6) 28... Rf7 (28... Kf7 $6 29. Rg5 Rad8 30. Nh5
Rg8 {[%csl Rf7]}) 29. Nh5 $1 {[%cal Gh5g7,Gh5f6,Gf6d5]} Bd8 30. Qd2 f4 $1 {
Un fort sacrifice de P} 31. Nxf4 Qe4 32. Rg4 Qf5 {[%cal Gb7f3,Gf5e5]} 33. Qxd3
Qxd3 34. Nxd3 Bxf3 35. gxf3 Rxf3 36. Nf4 Bb6 37. Nxe6 Rxf2 $1 {Malgré les
échanges, la position reste compliquée} 38. Kh1 Ra7 39. Rag1 Rff7 40. Re1 Rf3
41. Ng5 {Ajournement} Re3 42. Rxe3 Bxe3 43. Nf3 Kf7 {Le B est fort dans cette
position ouverte avec des P sur les deux ailes et le hongrois a des chances
d'annuler} 44. Re4 Bc1 45. Nd4 Rc7 46. e6+ $1 Ke8 (46... Ke7 47. Rg4) 47. Kg2
Rc4 {[%csl Rb4]} 48. Kf3 {[%csl Re8,Gf3]} Rxb4 49. Nc6 Rc4 50. Rxc4 bxc4 51.
Ke4 Bb2 52. a4 (52. Kd5) 52... Bf6 53. Ke3 c3 $132 {Après l'échange des R,
le B va dominer le N} 54. Kd3 g6 55. Kc2 Kf8 {[%csl Gc6,Ge6] Le K Noir a des
grandes difficultés pour attaquer le P"e6" car les Noirs ne peuvent pas jouer
Kg7,Be5 à cause du Nc6 et le passage par g5 perdrait le B après e6e7} 56. Kd3
Ke8 57. Nb4 a5 58. Nc6 $1 Bh8 59. Nxa5 Ke7 60. Nc6+ Kxe6 61. Nb4 Kd6 62. Kc4
Bg7 63. Na2 c2 64. Kb3 Kc5 65. Nc1 Bh6 66. Nd3+ Kd4 67. Kxc2 Kc4 68. Ne5+ Kb4
69. Nxg6 Kxa4 70. Kd3 Kb4 71. h4 Bg7 72. Nf4 Ba1 73. Ne6 Kb5 74. Nd4+ Kb6 75.
h5 Bb2 76. Ne2 Bg7 77. Ke4 Kc6 78. Kf5 Bh6 79. Kg6 Be3 80. Ng3 Kd7 81. Kf7 Bd2
82. Ne4 Bc1 1/2-1/2

[Event "Sarajevo Bosnia 34th"]
[Site "Sarajevo"]
[Date "2004.05.26"]
[Round "8"]
[White "Bologan, Viktor"]
[Black "Movsesian, Sergei"]
[Result "1/2-1/2"]
[WhiteElo "2665"]
[BlackElo "2647"]
[Annotator "Psakhis,L"]
[PlyCount "53"]
[EventDate "2004.05.18"]
[EventType "tourn"]
[EventRounds "9"]
[EventCountry "BIH"]
[EventCategory "15"]
[SourceTitle "CBM 101"]
[Source "ChessBase"]
[SourceDate "2004.07.27"]
[SourceVersion "1"]
[SourceVersionDate "2004.07.27"]
[SourceQuality "1"]

1. e4 c5 2. Nf3 Nc6 3. Bb5 d6 4. O-O Bd7 5. Re1 Nf6 6. c3 a6 7. Bf1 Bg4 8. d3
e6 $5 (8... g6 9. Nbd2 Bg7 (9... Bh6 10. h3 Bxf3 11. Nxf3 Bxc1 12. Qxc1 e5 13.
Qh6 Nd7 14. Nd2 Qe7 15. Nc4 b5 16. Ne3 Qf8 17. Qh4 Qe7 18. Qg3 O-O 19. Be2 Kh8
20. f4 $36 {1-0 Bologan,V-Halkias,S/Moscow Aeroflot-op 2003/ (46)}) 10. h3 Bxf3
11. Nxf3 O-O 12. d4 (12. Bg5 Nd7 13. Qd2 Nde5 14. Nh2 b5 15. Rad1 Qb6 16. Kh1
Nd7 17. Bh6 Bxh6 18. Qxh6 b4 19. Nf3 Rfc8 20. d4 bxc3 21. bxc3 cxd4 22. cxd4
$14 {1-0 Glek,I-Mamedyarov,S/Silivri 88/169 2003/ (42)}) 12... cxd4 13. cxd4
Rc8 14. Qb3 Na5 15. Qb4 Qc7 16. Bd2 Nc6 17. Qb3 Nd7 18. Rac1 Qb6 19. Qxb6 Nxb6
20. d5 Nd4 21. Nxd4 Bxd4 22. Bg5 f6 23. Bh6 Rfe8 24. b3 g5 25. Be2 $14 {
1-0 Sutovsky,E-Reinderman,D/ICC Blitz Final 2002 (45)}) (8... e5 9. Nbd2 Be7
10. h3 Bh5 11. g3 O-O 12. Bg2 Re8 13. Nf1 Nd7 14. g4 Bg6 15. Ng3 Nf8 16. Be3
Ne6 17. Qd2 Bf8 18. Rad1 Rb8 19. Nf5 Nc7 20. d4 $14 {0-1 Skripchenko,
A-Kosteniuk,A/WchW Moscow 2001/(54)}) 9. Nbd2 Nd7 10. h3 Bh5 11. g4 Bg6 12. d4
cxd4 13. cxd4 Be7 {This line has become quite popular in the last couple of
years.} (13... e5 14. d5 Ncb8 15. h4 h6 16. Bh3 Be7 17. h5 Bh7 18. Nf1 a5 19.
Ng3 Na6 20. Bf1 Nac5 21. Bb5 O-O 22. a4 Kh8 23. Nd2 Bh4 $13 {1-0 Sedlak,
N-Ivanisevic,I/Karadjordje 2004/ (53)}) 14. d5 Nce5 (14... exd5 15. exd5 Nce5
16. Nxe5 dxe5 17. Nc4 $36) 15. Nxe5 dxe5 16. Nf3 ({The following does not give
anything to White} 16. Nc4 O-O 17. a4 exd5 18. Qxd5 Nf6 19. Qxd8 Rfxd8 20. f3
Bb4 21. Re2 Rd1 22. Ne3 Bc5 23. Kg2 Rdd8 24. Nc4 Nd7 $11 {1/2-1/2 Rublevsky,
S-Sorokin,M/RUS Qualifier Tomsk 2004/ (62)}) 16... Rc8 17. Bg2 $146 ({White
employed a different plan in the game Zhang Zhong-Topalov,V/Wijk aan Zee-A
2004/ (29)} 17. b3 {[%cal Gc1b2]} exd5 18. Qxd5 f6 19. Nh4 Nc5 20. Qxd8+ Rxd8
21. Nf5 Bxf5 22. exf5 Nd3 23. Bxd3 Rxd3 24. Be3 Ba3 $11) 17... exd5 $5 18. exd5
{[%cal Gd5d6]} ({I think that White rightly avoided the line} 18. Qxd5 f6 $5 (
18... Rc6 $5) 19. Qxb7 $140 Nc5 20. Qb4 O-O $44) 18... Bd6 $1 19. Bf4 (19. Nxe5
Nxe5 20. f4 f6 21. fxe5 fxe5 $13) 19... f6 20. Be3 (20. Nd4 Nc5 $5) 20... Bf7
21. Qb3 b5 ({The following is also deserves consideration} 21... b6 $5 22. Nd2
O-O 23. Nc4 Bc5 $11) 22. a4 b4 23. Qd3 (23. Rac1 O-O {[%cal Gd7c5]}) 23... Nc5
$5 24. Bxc5 Bxc5 25. Qxa6 O-O 26. Rad1 Qd7 $44 {[%cal Gc8a8]} 27. Rd2 (27. Rd2
Rfd8 28. Red1 b3 $5 $13) 1/2-1/2

[Event "EU-Cup 21st"]
[Site "Saint Vincent"]
[Date "2005.09.18"]
[Round "1.1"]
[White "Rublevsky, Sergei"]
[Black "Agopov, Mikael"]
[Result "1-0"]
[WhiteElo "2645"]
[BlackElo "2389"]
[Annotator "Psakhis,L"]
[PlyCount "123"]
[EventDate "2005.09.18"]
[EventType "team-swiss"]
[EventRounds "7"]
[EventCountry "ITA"]
[SourceTitle "CBM 110"]
[Source "ChessBase"]
[SourceDate "2006.01.31"]
[SourceVersion "1"]
[SourceVersionDate "2006.01.31"]
[SourceQuality "1"]
[WhiteTeam "Kazan Ladya"]
[BlackTeam "Matinkylan"]
[WhiteTeamCountry "RUS"]
[BlackTeamCountry "FIN"]

1. e4 c5 2. Nf3 Nc6 3. Bb5 d6 4. O-O Bd7 5. Re1 a6 (5... Nf6 6. c3 a6 {is a
popular alternative.}) 6. Bxc6 Bxc6 7. d4 cxd4 8. Nxd4 (8. Qxd4 $5 {could be
good alternative to text. For example:} Nf6 ({or} 8... e5 9. Qd3 h6 10. c4 Nf6
11. Nc3 Be7 12. a4 O-O 13. a5 b6 14. axb6 Qxb6 15. Be3 $14 {0-1 Ronchetti,N 
(2364)-Khenkin,I (2610)/Frascati GM 2005/T (72)}) 9. Nc3 e6 10. Nd5 Be7 11.
Nxe7 Qxe7 12. e5 dxe5 13. Nxe5 h6 14. Nxc6 bxc6 15. Qc3 Qb7 16. Be3 $16 {
1-0 Benjamin,J (2566)-Vigorito,D (2360)/Philadelphia World op 2004/ (44)}) 8...
Nf6 (8... e6 9. Nc3 Nf6 10. Bg5 Be7 11. Qd3 O-O 12. Rad1 Rc8 13. Qh3 Qa5 14. f4
Bd7 15. Kh1 h6 16. Nb3 Qc7 $13 {0-1 Xu Yuhua (2478)-Georgiev,K (2666)/Dubai op
2005/ (65)}) ({Worth considering} 8... Rc8 {with possible continuation} 9. Bg5
(9. c4 $5 e6 10. Nc3 Bd7 11. Qd3 Nf6 12. b3 Be7 13. Bb2 O-O 14. Rad1 Qc7 15. f4
Rfd8 16. e5 dxe5 17. fxe5 Ne8 18. Kh1 Bc6 19. Qg3 Bc5 20. Nxc6 Qxc6 21. h3 Bb4
22. Qh4 Qc7 23. a3 Be7 24. Qe4 g6 {0-1 Rublevsky,S (2595)-Kharlov,A (2560)/RUS
Cup Internet 2004 (48)}) 9... Qa5 10. Bh4 e6 11. Nc3 Be7 12. Bxe7 Nxe7 13. Qd2
O-O 14. Rad1 Rfd8 15. Qe3 Be8 16. h3 Qb6 17. Nb3 Qxe3 18. Rxe3 Nc6 19. f4 Kf8
20. Red3 Ke7 21. Kf2 Nb4 $11 {1-0 Rublevsky,S (2649)-Kharlov,A (2613)/Internet
RUS Cup Superfinal 2004/ (84)}) 9. Nxc6 $5 {Clever idea : c line - so
important in sicilian defense - will be closed now.} bxc6 10. Qf3 e5 ({White
doing well and after} 10... Qc7 11. b3 e5 12. Nd2 Be7 13. Nc4 O-O 14. Bg5 d5
15. exd5 cxd5 16. Bxf6 dxc4 17. Bxe5 Bd6 18. Qg3 Bxe5 19. Qxe5 Qc6 20. Rad1
cxb3 21. cxb3 a5 22. Qe4 Qb5 23. Rd5 $16 {1-0 Grischuk,A (2671)-Miton,K (2521)/
Moscow Aeroflot op 2002/ (30)}) 11. Bg5 Be7 12. Nd2 O-O ({It is not enough for
equality and} 12... h6 13. Bxf6 Bxf6 14. Nc4 Be7 15. Rad1 Qc7 16. Rd3 O-O 17.
Qh5 Rfe8 18. b3 {Degraeve,J (2530)-Maze,S (2497)/FRA-ch Val d'Isere 2004/ /1/
2-1/2 (94) and white's knight much stronger than black bishop.}) 13. Nc4 Qc7
14. Rad1 Rad8 $146 ({Maybe} 14... Rfd8 {is stronger than text, because black
can use in some lines f8 square for king, for example:} 15. Rd3 d5 16. Bxf6 (
16. exd5 e4 17. Qg3 Qxg3 18. Rxg3 cxd5 19. Ne3 Kf8 $5) 16... Bxf6 17. Ne3 d4
18. Nc4 Qe7 19. b3 g6 20. c3 Qe6 21. cxd4 exd4 22. g3 Be7 23. Red1 c5 24. Qe2
Re8 25. f4 Bf8 26. e5 f6 {1/2-1/2 Ramesh,R (2472)-Roy Chowdhury,S (2395)/
IND-ch Mumbai 2003/The Week in Chess 430 (28)}) 15. Rd3 {Playing quite
naturally Rublevsky has reached a particularly good position.} h6 (15... d5 $5
16. exd5 (16. Bxf6 Bxf6 17. Ne3 Qa5 $13) 16... e4 17. Qg3 $1 Qxg3 18. Rxg3 cxd5
19. Ne3 Rfe8 20. Rd1 $14) 16. Bxf6 (16. Bd2 $5 $14 {[%cal Rd2a5]}) 16... Bxf6
17. Ne3 {By relocating this knight to the kingside, White greatly increases
his advantage in force on that flank.} (17. b3 $5 $14 {[%csl Gc4]}) 17... Qa5 (
17... Bg5 $142 $1) 18. Red1 (18. Ra1 {[%csl Ra1]}) 18... Qxa2 19. Nf5 Rfe8 (
19... Bg5 20. h4 $1) (19... Qe6 20. Rxd6 Rxd6 21. Rxd6 Qa2 22. h4 $5 $16 {
[%cal Rf5h6]}) 20. Nxh6+ (20. Nxd6 Re6) 20... Kf8 (20... gxh6 21. Qxf6 Qe6 22.
Qf3 $16 {[%csl Ra6,Rg8]}) 21. Nf5 {[%csl Rd6,Gf5] Formally Black has material
parity, but his pieces are useless and cannot safe their king.} Re6 22. Qh5 g6
$8 (22... Ke8 23. Nxd6+ Rexd6 24. Rxd6 Rxd6 25. Rxd6 $18) 23. Qh6+ Ke8 (23...
Kg8 $2 24. Rh3 gxf5 25. Rg3+ $18) 24. Ng7+ $2 {White missed a very good
opportunity to get a big advantage:} (24. Qh7 $142 $1 gxf5 25. exf5 $18) 24...
Bxg7 25. Qxg7 Qa5 (25... d5 26. Rb3 $1 $18 {[%cal Rb3b7]}) 26. Rf3 Re7 27. Rf6
d5 $8 (27... Qb4 28. Qh8+ Kd7 29. Rfxd6+) 28. Rxc6 d4 29. c3 $2 {This position
requires more active decisions:} (29. Qh8+ $142 $5 Kd7 30. Qf6 Re6 (30... Ke8
31. Rxa6 $18) 31. Qxf7+ Kxc6 32. Qxe6+ $18) 29... Qa4 30. Qg8+ Kd7 31. Rd6+
Kxd6 32. Qxd8+ Rd7 33. Qb8+ Kc6 34. Qc8+ Kb6 (34... Kd6 $5 35. Rf1 d3 36. Qb8+
Ke6) 35. Rf1 d3 36. b3 Qb5 (36... Qc6 37. Qb8+ (37. Qxc6+ Kxc6 38. Rd1 a5 39.
Kf1 Rb7) 37... Qb7 38. Qxe5 $18) 37. c4 Qc6 38. c5+ $6 {Facing such stubborn
defense, Ryblevsky loses his rate of attack.} (38. Qb8+ $142 $5 Kc5 39. Qxe5+ (
39. b4+ Kxc4 40. Rc1+ Kb3 41. Rxc6 d2 42. h3 d1=Q+ 43. Kh2 Qd4 44. b5 $1 $18)
39... Kb4 40. Rc1 $18) 38... Kb5 39. Qb8+ Rb7 40. Qxe5 Qxc5 41. Qa1 $5 Rc7 (
41... Qb4 42. Qf6 $5 (42. Rc1 d2 43. Qe5+ Kb6 44. Rd1 Rc7 $1 $16) 42... Qxe4
$140 43. Ra1 a5 44. Qd8 $40) 42. b4 $5 Qc4 43. h4 $5 (43. Rd1 $5) 43... Kb6 (
43... d2 44. Qa5+ Kc6 45. b5+ axb5 46. Qxd2 Qxe4 47. Qa5 $40) 44. Rd1 Rd7 45.
Rc1 Qb5 (45... Qxe4 46. Qa5+ Kb7 47. b5 $1 $18) 46. Qf6+ Ka7 47. Qc3 d2 {
Suddenly Black is back in the game!} 48. Rd1 Rd3 $2 (48... Qe2 $140 $1 $132 {
[%csl Gd2]}) 49. Qc2 Qd7 50. Kf1 Rd4 (50... Qb5 51. Qc5+ Qxc5 52. bxc5 Rd4 53.
f3 $1 Kb7 54. Ke2 Kc6 55. Rxd2 Kxc5 56. g4 $1 $18) 51. Ke2 $6 (51. Qc5+ $5 Kb7
52. f3 $16) 51... Qg4+ $2 {Playing pretty good and interesting chess up to
here, Agopov did not bear the pressure of the struggle.} (51... Qb5+ $142 52.
Ke3 Qxb4 53. Rxd2 Rc4 $1 $132) 52. Ke3 (52. f3 $5 Qxg2+ 53. Ke3 Rd7 54. Rxd2
Qg1+ 55. Kf4 $18) 52... Rxe4+ (52... Rxb4 53. Qc5+ Rb6 54. Rxd2) 53. Qxe4 Qxd1
54. Qd4+ Kb7 55. Qxd2 $18 {The smoke has cleared: White has material advantage
and manages to turn it into a win.} Qb3+ 56. Kf4 Qc4+ 57. Kg5 Qb5+ 58. Kf6 Qf5+
59. Kg7 Kc6 60. Qd4 Kb5 61. g4 Qf3 62. g5 1-0

[Event "Yongchuan zt 3.3"]
[Site "Yongchuan"]
[Date "2003.07.17"]
[Round "6"]
[White "Zhang, Zhong"]
[Black "Ni, Hua"]
[Result "1-0"]
[WhiteElo "2658"]
[BlackElo "2533"]
[Annotator "Psakhis,L"]
[PlyCount "87"]
[EventDate "2003.07.11"]
[EventType "tourn"]
[EventRounds "11"]
[EventCountry "CHN"]
[EventCategory "12"]
[SourceTitle "CBM 097"]
[Source "ChessBase"]
[SourceDate "2003.11.11"]
[SourceVersion "1"]
[SourceVersionDate "2003.11.11"]
[SourceQuality "1"]

1. e4 c5 2. Nf3 d6 3. Bb5+ {Chinese players like this move very much, which
according to theory doesn't promise a real advantage for white.} Nc6 4. O-O Bd7
5. Re1 Nf6 6. c3 a6 7. Bf1 (7. Ba4 $5) 7... Bg4 8. d4 (8. d3 g6 9. Nbd2 Bh6 10.
h3 Bxf3 11. Nxf3 Bxc1 12. Qxc1 e5 13. Qh6 Nd7 14. Nd2 Qe7 15. Nc4 b5 16. Ne3
Qf8 17. Qh4 Qe7 18. Qg3 O-O 19. Be2 Kh8 20. f4 $14 {1-0 Bologan,V-Halkias,S/
Moscow Aeroflot-op 2003/ (46)}) 8... cxd4 9. cxd4 Bxf3 (9... e5 10. d5 Nd4 11.
Be3 Nxf3+ 12. gxf3 Bd7 13. Nd2 Be7 14. Nc4 b5 15. Nb6 Rb8 16. Nxd7 Qxd7 17. Rc1
O-O 18. Rc6 $36 {1-0 Zhao Xue-Gu Xiaobing/Asian-chW Calicut 2003/(59)}) 10.
gxf3 d5 (10... e5 $6 11. d5 Ne7 12. f4 $1 g6 13. fxe5 dxe5 14. Nd2 Bg7 15. Nc4
Nh5 16. Bg5 f6 17. Be3 O-O 18. Bb6 $16 {1-0 Arribas,M-Demina,J/WchW New Delhi
2000/ (24)}) 11. e5 Nd7 $146 {I don't like this move, but surely it has right
for existance.} (11... Nh5 {White failed to get any advantage after} 12. f4 (
12. Nc3 e6 13. Be3 g6 14. f4 Ng7 15. Qb3 Nf5 16. Rec1 Be7 17. Na4 Rb8 $15 {
Medvegy,Z-Hoelzl,F/Budapest Elekes GM 1999/1/2-1/2 (64)}) 12... g6 13. Be3 Qd7
14. Nc3 e6 15. Na4 Rb8 16. Rc1 Bb4 17. Re2 Ng7 18. a3 Be7 19. Bh3 O-O 20. b4 b6
$11 {1-0 Hatanbaatar,B-Levitt,M/Bled Olympiad 2002/ (55)}) 12. e6 $1 fxe6 13.
Bh3 $5 (13. Rxe6 g6 {[%cal Gf8g7]}) 13... Qb6 (13... e5 14. dxe5 Ndxe5 15. f4
Nf7 16. Be6 $44 {[%csl Ge6]}) ({Worth considering} 13... g6 $5 14. Bxe6 Bg7 $5
15. Bxd5 Nf6 $13 {with complicated and interesting game.}) 14. Bxe6 Qxd4 ({
It is not clear if White can get any advantage after} 14... Nxd4 15. Nc3 $5
Nxe6 16. Nxd5 Qd8 17. Rxe6 Nc5 $13) 15. Nc3 (15. Bxd5 Qxd1 16. Rxd1 Nf6 $11)
15... Qxd1 16. Rxd1 {White has some advantage in ending, but he needs to
invest a very big effort to get something real.} Nc5 (16... d4 17. Nd5 Nc5 18.
Nc7+ Kd8 19. Bf4 $1 $132) 17. Bxd5 O-O-O (17... e6 18. Bc4) 18. Be3 e6 19. Bc4
$14 {[%csl Gc4,Ge3] The arisen endgame is not safe for Black due to couple of
strong white's bishops.} (19. Be4 $11) 19... Rxd1+ (19... Ne5 20. Be2 Be7 21.
Ne4 $5 $36) 20. Rxd1 Ne5 (20... b5 21. Bf1 $5 {[%cal Gf1h3] doesn't help black.
}) 21. Be2 Be7 (21... g5 22. f4 $5) 22. b4 (22. Ne4 Nxe4 23. fxe4 g5 $14) 22...
Ncd7 23. b5 {Zhang Zhong consistently open position.} axb5 24. Nxb5 Bc5 (24...
Nc5 25. f4 Ned7 26. Nd4 {[%cal Gf4f5]}) 25. Rc1 $1 (25. f4 Bxe3 26. fxe5 Bf4 $1
$13) 25... b6 26. f4 Nc6 {It is likely that this move makes life even harder
for Black.} (26... Nf7 $5 {[%cal Gf7d8,Gf7h6]}) 27. Bg4 {[%cal Rg4c8]} Nd8 28.
f5 $1 $16 {[%csl Ge3,Gg4]} Nf6 (28... Kb8 29. fxe6 Bxe3 30. fxe3 Ne5 31. Bh3
$18 {[%csl Ge6]}) 29. Bf3 $1 exf5 30. Bxc5 bxc5 31. Rxc5+ Kd7 (31... Kb8 32.
Rxf5 $18 {[%csl Ga2]}) 32. Rc7+ Ke6 33. a4 $5 {[%cal Ra4a8]} (33. Rxg7 $5)
33... Nf7 34. a5 {[%csl Ga5] It seems that Black's position can no longer be
saved.} Ng5 (34... Rd8 35. a6 Ne5 36. Bb7 Rd1+ 37. Kg2 Nh5 38. h3 $5 Nf4+ 39.
Kh2 $18) 35. Bb7 {[%csl Ga5,Gb5,Gb7,Gc7]} Rd8 36. a6 Rd1+ 37. Kg2 Nh5 (37...
Nd5 38. Bxd5+ Rxd5 39. a7 Rd8 40. Rb7) 38. Rc4 (38. h4 $5 Nf4+ 39. Kh2 {
was good enough.}) 38... Ne4 39. Bxe4 fxe4 40. Rxe4+ (40. a7 Ra1 41. a8=Q Rxa8
42. Nc7+ $18) 40... Kf5 41. a7 Rd8 (41... Ra1 42. Re8 Kg4 43. h3+) 42. Ra4 {
White has already great choice-} (42. Re8 $5 Nf4+ 43. Kg3 Rd3+ 44. f3 Rd2 45.
Rf8+ $18) 42... Nf4+ 43. Rxf4+ {This rook had a splendid career in this game!}
Kxf4 44. Nc7 1-0

[Event "Yongchuan zt 3.3"]
[Site "Yongchuan"]
[Date "2003.07.12"]
[Round "2"]
[White "Zhang, Zhong"]
[Black "Zhou, Weiqi"]
[Result "0-1"]
[WhiteElo "2658"]
[BlackElo "2388"]
[Annotator "Psakhis,L"]
[PlyCount "80"]
[EventDate "2003.07.11"]
[EventType "tourn"]
[EventRounds "11"]
[EventCountry "CHN"]
[EventCategory "12"]
[SourceTitle "CBM 097"]
[Source "ChessBase"]
[SourceDate "2003.11.11"]
[SourceVersion "1"]
[SourceVersionDate "2003.11.11"]
[SourceQuality "1"]

1. e4 c5 2. Nf3 d6 3. Bb5+ Nd7 4. d4 cxd4 5. Qxd4 Ngf6 6. Nc3 e5 7. Qd3 Be7 8.
Bg5 O-O 9. Bxd7 Qxd7 10. Bxf6 Bxf6 11. O-O-O ({Black experiences more
difficulties after modest} 11. Rd1 {for example:} Rd8 12. Nd5 Qa4 (12... b6 13.
O-O Bb7 14. Nxf6+ gxf6 15. Nh4 Kh8 16. Qf3 $36 {Van der Hoorn,M-Mc Laren,L/
NZL-ch Wanganui 2003//1-0 (37)}) 13. O-O Be6 14. b3 Qa5 15. Nxf6+ gxf6 16. c4
b5 17. cxb5 Qxa2 18. Nd2 Rac8 19. Qe3 Kg7 20. Qg3+ Kf8 21. Qh4 $14 {Rublevsky,
S-Minasian,A/Krasnodar 1997/CBM 59/[HarZvi,R]/1-0 (38)}) 11... Rd8 12. Nd5 Qa4
13. g4 $146 (13. Kb1 Be6 14. Rhe1 Rac8 15. b3 Qa5 16. c4 b5 17. Qd2 Qa3 18.
cxb5 Bxd5 19. Qxd5 Rc5 20. Qd2 Rxb5 $13 {Khetsuriani,B-Nikolaou,G/Patras op
2000/1/2-1/2 (41)}) 13... Be6 14. Kb1 (14. g5 Bxd5 (14... Rac8 15. gxf6 Bxd5
16. exd5 e4 17. Qd2 $1 exf3 18. c3 $16) 15. Qxd5 Be7 $13) 14... Bxd5 15. Qxd5
Rac8 {Of course, the d5 square is weak but Black has reasonable chances to get
good counterplay on the queen side.} 16. b3 (16. c3 Rc5 17. Qd3 d5 $36) 16...
Qb4 17. Ne1 (17. Rhe1 $5) 17... b5 (17... a5 $5 {[%cal Ga5a4]}) 18. h4 a5 19.
g5 {Prospects of a pawn storm on the kingside are not very good here.} Be7 20.
Rh3 (20. Rg1 $5 {[%cal Gh4h5]}) 20... Rc5 (20... a4 $5 21. Rf3 Rf8) 21. Qb7 Kf8
22. Kb2 (22. Re3 $5) 22... d5 $1 23. exd5 Bd6 {[%cal Ge5e4,Gd6e5]} 24. c3 Qg4
$36 25. Rf3 Rc7 (25... Qh5 $5 {[%cal Re5e4]}) 26. Qxb5 e4 (26... Qxh4 $132) 27.
Rd4 $5 Qxh4 28. Nc2 {This position probably requires more active decisions:} ({
Worth considering} 28. g6 $5) 28... Qxg5 29. Rxe4 Rc5 30. Qb6 (30. Qe2 $142
Rxd5 31. Nd4 $132) 30... Rxd5 31. Qb7 Rf5 $5 (31... Ba3+ $143 $2 32. Kxa3 (32.
Nxa3 R5d7 $1) 32... R5d7 33. Qb6 Qc1+ 34. Ka4 Qxc2 35. Rxf7+ $1 Kg8 36. Rxg7+
$1 Kxg7 37. Rg4+ $18) 32. Rfe3 $6 (32. Rxf5 $5 Qxf5 33. Qb6 Be7 $15) 32... g6 (
{Another promising possibility was} 32... Rxf2 $5 33. Qc6 g6 34. Re8+ Kg7 $17)
33. Re2 Qf6 34. Qa7 h5 $17 {[%csl Gh5]} 35. Nd4 $6 {White desperately tries to
cover the dark squares.} Bc5 $1 36. Qc7 Bxd4 37. Rxd4 Rxd4 38. cxd4 Qxd4+ $19
39. Qc3 ({There wasn't a rescue in} 39. Ka3 Rxf2 40. Rxf2 Qxf2 41. Qxa5 h4 $19)
39... Qxc3+ 40. Kxc3 h4 {[%cal Gf5h5]} 0-1

[Event "Abu Dhabi op 14th"]
[Site "Abu Dhabi"]
[Date "2004.08.23"]
[Round "9"]
[White "Dzhumaev, Marat"]
[Black "Chernyshov, Konstantin"]
[Result "1-0"]
[WhiteElo "2520"]
[BlackElo "2585"]
[Annotator "Psakhis,L"]
[PlyCount "51"]
[EventDate "2004.08.14"]
[EventType "swiss"]
[EventRounds "9"]
[EventCountry "UAE"]
[SourceTitle "CBM 103"]
[Source "ChessBase"]
[SourceDate "2004.11.11"]
[SourceVersion "1"]
[SourceVersionDate "2004.11.11"]
[SourceQuality "1"]

1. e4 c5 2. Nf3 Nc6 3. Bb5 d6 4. O-O g6 $6 (4... Bd7 $5) 5. d4 Bd7 6. dxc5 dxc5
7. Qe2 ({Worth considering and} 7. Be3 $5 {with the possible continuation} b6
8. Nc3 Bg7 9. Qd2 a6 10. Be2 e5 $6 11. Nd5 Nge7 (11... Nf6 $5) 12. Bg5 $16 O-O
$2 13. Nf6+ Kh8 {1-0 Narciso Dublan,M-Bello,P/ESP t-ch Gala Galdana 1999 (13)})
7... Bg7 8. Rd1 Qc8 9. Nc3 Bg4 $6 $146 {An active move and maybe the reason
for further difficulties for Black.} (9... Nd4 $6 10. Nxd4 cxd4 11. Bxd7+ Qxd7
12. Nb5 e5 13. Qc4 $16 {1-0 Shredder8-Larrea,M/Vicente Lopez ITT 2004 (25)}) (
9... Bxc3 $142 $5 10. bxc3 a6 $5) 10. Nd5 $1 {[%csl Gd5]} Kf8 {[%csl Rf8] Very
optimistic solution!} ({I would prefer} 10... e6 $5 {- a necessary
prophylactic move, Black is taking control over the important d5 square.} 11.
Ne3 Bxf3 12. Qxf3 Nge7 13. Nc4 O-O 14. c3 $36) (10... Nf6 11. Bf4) 11. Bxc6 $5
(11. c3 Ne5 $13) 11... Qxc6 12. h3 Bxf3 13. Qxf3 $16 {[%csl Rf8]} h6 {It is so
dangerous to lose time if the development is not complete} (13... Be5 $5 {
[%cal Gf8g7]}) 14. Bf4 {[%mdl 128]} Bxb2 15. Rab1 Bg7 16. Nc7 Rc8 $8 17. Qg4 $1
{First of all White has to include new forces into offence.} e6 (17... f5 18.
exf5 Rxc7 19. Rd8+ Kf7 20. Qxg6+ Qxg6 21. fxg6+ Kxg6 22. Bxc7 $18) 18. Bd6+ Ne7
19. Nxe6+ $1 {Refuting his opponent's strategy in the most energetic way.} fxe6
20. Qxe6 Rc7 $8 21. Rxb7 $1 Rxb7 (21... Qxb7 22. Bxe7+ Rxe7 23. Rd8+) 22. Bxe7+
Rxe7 23. Qxc6 Kf7 24. Qd5+ Ke8 25. Rb1 Be5 26. Rb7 $1 1-0